Statistics for Animals by Picture - B

Click here to take the quiz!

General Stats

  • This quiz has been taken 1,206 times
  • The average score is 13 of 16

Answer Stats

Answer% Correct
Bat
100%
Bison
96%
Bear
93%
Bee
93%
Baboon
92%
Beetle
91%
Butterfly
90%
Bulldog
88%
Beaver
85%
Black Widow
82%
Badger
79%
Boar
75%
Bobcat
70%
Barn Owl
66%
Bearded Dragon
51%
Barb
11%

Score Distribution

Percentile by Number Answered

Percent of People with Each Score

Your Score History

You have not taken this quiz